000 01347nam a2200241Ia 4500
003 Ost
005 20260416102353.0
008 260416s9999||||xx |||||||||||||| ||und||
040 _cfsecg
041 _aara
082 _a658.834
100 _aسليماني، نورة
_eمؤلف
245 0 _aمحاضرات في مقياس سلوك المستهلك /
_c نورة سليماني
260 _aالجزائر
_bجامعة الجزائر3: كلية العلوم الإقتصادية، العلوم التجارية وعلوم التسيير
_c2017
300 _a58 ورقة
_bايضاحات
_c30 سم
504 _aمراجع ص.55
520 _aماهية سلوك المستهلك، عملية اتخاذ القرار الشرائي لدى المستهلك، العوامل المؤرة في اتخاذ الشرائي للمستهلك، النماذج التقليدية المفسرة لسلوك المستهلك، النماذج الشاملة المفسرة لسلوك المستهلك، التسويق المباشر وسلوك المستهلك
653 _aالتسويق
653 _aالمستهلكون
653 _aسلوك المستهلك
710 _aجامعة الجزائر3: كلية العلوم الإقتصادية، العلوم التجارية وعلوم التسيير
_eناشر علمي
942 _cHANDOUT
999 _c41073
_d41073